00313nam a2200121Ia 4500008004100000082001900041100001600060245002600076260003100102365000600133630002600139730002600165100415s9999 xx 000 0 und d b11974a915.496 aTasker Joe aEverest the Cruel Way aLONDONc1981bEYRE METHUEN b0 aEverest the Cruel Way aEverest the Cruel Way